000 00553nam a2200181Ia 4500
008 090124s9999 xx 000 0 und d
082 _b3620
_a52
100 _aकदम गंगाधर बाबाजी
245 _a सं. ललाट -लेख
250 _a1
260 _c1928
300 _a94
600 _aकदम गंगाधर बाबाजी
630 _a सं. ललाट -लेख
700 _aकदम गंगाधर बाबाजी
730 _a सं. ललाट -लेख
942 _cBOOK
999 _c117561
_d117561